000 00514cam a22001815a 4500
001 ##J100683
008 000000s1903 000 0 eng u
035 _a(Sirsi) u100683
041 0 _aeng
050 0 4 _a333.07442 $2 2
110 2 _aSurveyors' Institution
_93783
245 0 0 _aCatalogue of the Loan Library, 1903
260 _aLondon
_bSurveyors' Institution
_c1903
300 _a54p.
_c21cm.
651 4 _aGreat Britain
_y1707-
690 _aRICS SERVICES-RICS LIBRARY AND INFORMATION SERVICES
942 _n0
999 _c99756
_d99756